Statistics for Fast Food Chain by Order

Click here to take the quiz!

General Stats

  • This quiz has been taken 49 times
  • The average score is 12 of 20

Answer Stats

HintAnswer% Correct
Whopper w/ Onion RingsBurger King
100%
Big Mac w/ McFlurryMcDonalds
92%
Doritos Locos Taco w/ Mountain Dew Baja BlastTaco Bell
90%
Footlong Oven Roasted Turkey on Italian BreadSubway
82%
Baconator w/ FrostyWendy's
82%
Supreme Pizza w/ Honey BBQ WingsPizza Hut
77%
Venti Mocha FrappucinoStarbucks
77%
Grilled Nuggets w/ Waffle FriesChik-fil-A
72%
Famous Bowl and 8 Piece Fill UpKFC
72%
Sofritos Bowl w/ White Rice and Pinto BeansChipotle
69%
Glazed Chocolate MunchkinsDunkin'
69%
SmokeShack w/ Black and White ShakeShake Shack
62%
Classic Chicken Sandwich w/ Cajun Fries and Red Beans and RicePopeyes
49%
Chili Cheese Coney National Hot DogSonic
44%
Chicken Fingers w/ Texas Toast and SauceRaising Cane's
41%
Epic Cali Bacon Burrito w/ Crinkle Cut FriesDel Taco
36%
Patty Melt and Hash Brown SticksWhataburger
33%
Jolly Spaghetti w/ Peach Mango PieJollibee
28%
Chicken Livers w/ Peri Chips and Macho PeasNando's
23%
Regular Out West Style Hamburger w/ Fresh Banana MilkshakeCookout
15%

Score Distribution

Percentile by Number Answered

Percent of People with Each Score

Your Score History

You have not taken this quiz